000 00702nam a2200241Ia 4500
003 OSt
005 20220925212528.0
006 a|||||r|||| 00| 0
007 ta
008 220923b |||||||| |||| 00| 0 eng d
037 _cGeneral Book
040 _aRTL
_cRTL
_beng
041 _2eng
_aeng
082 _aYv1, L6
100 _aHirst Paul Q
_977976
245 0 _aSocial evolution and sociological categories.
260 _aLondon
_bAllen and Unwin
_c1976
300 _a135p
_ccm.
490 _aControversies in sociology. Ed by T B Botto-more and M J Mulkay.5
500 _aBibliography P 129-131
942 _hYv1, L6
_cGB
_2CC
999 _c560563
_d560563